Analýza konkurenceschopnosti lidského kapitálu České republiky ve srovnání se zeměmi EU-15

Ľudský kapiýl ako jedna z najväčších devíz všetkých ekonomík. Dostupnosť kvalitného ľudského kapitálu. Analýza konkurencieschopnosti ľudského kapitálu v Českej republike. Porovnanie s krajinami EÚ.

Salvato in:
Dettagli Bibliografici
Autore principale: Jebavá, Alžběta
Altri autori: Kotýnková, Magdaléna
Natura: Capitolo di libro
Lingua:ceco
Soggetti:
Tags: Aggiungi Tag
Nessun Tag, puoi essere il primo ad aggiungerne!!

MARC

LEADER 00000naa$a2200000$$$4500
001 0054701
005 20231116103732.0
041 0 |a cze 
044 |a CZ 
245 1 0 |a Analýza konkurenceschopnosti lidského kapitálu České republiky ve srovnání se zeměmi EU-15  |c Alžběta Jebavá, Magdaléna Kotýnková 
520 |a Ľudský kapiýl ako jedna z najväčších devíz všetkých ekonomík. Dostupnosť kvalitného ľudského kapitálu. Analýza konkurencieschopnosti ľudského kapitálu v Českej republike. Porovnanie s krajinami EÚ. 
610 2 0 |a porovnanie medzinárodné 
610 2 0 |a Česko 
610 2 0 |a Európska únia 
610 2 0 |a konkurencieschopnosť 
610 2 0 |a kvalifikácia 
610 2 0 |a vzdelanosť 
610 2 0 |a kapitál ľudský 
100 1 |a Jebavá, Alžběta 
700 1 |a Kotýnková, Magdaléna